[Event "It"]
[Site "Pinamar ARG"]
[Date "2004.03.28"]
[Round "5"]
[White "Garcia Palermo,C"]
[Black "Lopez Silva,H"]
[Result "0-1"]
[WhiteElo "2443"]
[BlackElo "2353"]

1.d4 Nf6 2.Nf3 c5 3.d5 e6 4.c4 d6 5.Nc3 exd5 6.cxd5 g6 7.g3 Bg7 8.Bg2 O-O
9.O-O a6 10.a4 Re8 11.Nd2 Nbd7 12.Ra2 Rb8 13.a5 b5 14.axb6 Nxb6 15.h3 Bd7
16.e4 Qc8 17.Kh2 Re5 18.Nf3 Rh5 19.h4 Ng4+ 20.Kg1 Nc4 21.Qe2 Nce5 22.Qxa6 Qd8
23.Bg5 Nxf3+ 24.Bxf3 Rxg5 25.hxg5 Qxg5 26.Qxd6 Rd8 27.Bxg4 Bxg4 28.f4 Bd4+
29.Rf2 Rxd6 30.fxg5 h6 31.Ra8+ Kg7 32.Ra7 Bd7 33.e5 Bxe5 34.gxh6+ Kxh6 35.Rxf7 Bf5
36.g4 Bc2 37.Rfd7 Rf6 38.Rf7 Rd6 39.Rad7 Rb6 40.Rb7 Rd6 41.Nb5 Rxd5 42.Rfd7 Be4
43.Nc3 Bd4+ 44.Kh2 Re5 45.Re7 Bxb7 46.Rxb7 Kg5 47.Nb5 Re2+ 48.Kg3 Rxb2 49.Nd6 Rxb7
50.Nxb7 c4 51.Kf3 c3 52.Ke2 Kxg4 53.Nd6 Kf4  0-1

[Event "IV Open"]
[Site "Dos Hermanas ESP"]
[Date "2004.04.02"]
[Round "9"]
[White "Lalic,B"]
[Black "Rodriguez Aguilera,An"]
[Result "1-0"]
[WhiteElo "2518"]
[BlackElo "2296"]

1.d4 Nf6 2.c4 c5 3.d5 e6 4.Nf3 exd5 5.cxd5 d6 6.Nc3 g6 7.Bf4 a6 8.e4 Bg7
9.a4 O-O 10.Be2 Bg4 11.Nd2 Bxe2 12.Qxe2 Nh5 13.Be3 Nd7 14.O-O Qc7 15.a5 Rae8
16.g4 Nhf6 17.f3 Kh8 18.Kh1 Ng8 19.Rg1 Ne7 20.g5 f5 21.gxf6 Nxf6 22.f4 Nh5
23.f5 Nf6 24.Qg2 Rf7 25.Nc4 Nd7 26.Bf4 Ne5 27.Bxe5 Bxe5 28.Nxe5 dxe5 29.Rad1 Qd6
30.Na4 gxf5 31.Nb6 Rg8 32.Qf2 Rxg1+ 33.Rxg1 Qf6 34.Nd7 Qd6 35.Nxc5 Ng6 36.Ne6 Qb4
37.Ng5 Rf6 38.Qc2 fxe4 39.Qc7 Qe7 40.d6 Qxc7 41.dxc7 Rc6 42.Rd1 Kg7 43.Rd7+ Kh6
44.Nxe4 Rc1+ 45.Kg2 Nh4+ 46.Kh3 Nf5 47.Nc3  1-0

[Event "FSGM April"]
[Site "Budapest HUN"]
[Date "2004.04.10"]
[Round "8"]
[White "Horvath,P1"]
[Black "Kustar,S"]
[Result "1/2-1/2"]
[WhiteElo "2464"]
[BlackElo "2351"]

1.d4 Nf6 2.c4 c5 3.d5 e6 4.Nc3 exd5 5.cxd5 d6 6.Nf3 g6 7.Nd2 Nbd7 8.e4 Bg7
9.Be2 a6 10.a4 O-O 11.O-O Re8 12.Ra3 Qc7 13.Qc2 b6 14.b3 Rb8 15.Bb2 Nf8 16.Raa1 g5
17.Rfe1 Ng6 18.Nf1 Ng4 19.Ng3 Qe7 20.Nd1 Be5 21.Bxg4 Bxg4 22.Ne3 Bd7 23.Ngf5 Qf8
24.Ng4 f6 25.Ngh6+ Kh8 26.g3 Ne7 27.Bxe5 Nxf5 28.Bxf6+ Qxf6 29.Nxf5 Bxf5
30.exf5 Re5 31.Rxe5 Qxe5 32.Rf1 Re8 33.Qd3 Qe2 34.Rd1 Kg7 35.Qxe2 Rxe2 36.g4 h5
37.h3 Re4 38.f3 Re3 39.Kf2 Rxb3 40.Re1 Rb2+ 41.Ke3 h4 42.Kd3 Rb3+ 43.Ke2 c4
44.Kf2 Rb2+ 45.Ke3 b5 46.axb5 axb5 47.f4 Kf6 48.fxg5+ Kxg5 49.Rf1 Ra2 50.f6 Ra8
51.f7 Rf8 52.Kd4 Kg6 53.Rb1 Rxf7 54.Rxb5 Rf3 55.Rb6 Rxh3 56.Rxd6+ Kg5 57.Kxc4 Kxg4
58.Re6 Rh1 59.d6 Rc1+ 60.Kb3 Rd1  1/2-1/2

[Event "6th Foxwoods Open"]
[Site "Connecticut USA"]
[Date "2004.04.10"]
[Round "7"]
[White "Perez,Al"]
[Black "MacArthur,J"]
[Result "0-1"]
[WhiteElo "2167"]
[BlackElo "2164"]

1.d4 Nf6 2.c4 e6 3.Nf3 c5 4.d5 exd5 5.cxd5 d6 6.Nc3 g6 7.e4 a6 8.a4 Bg4 9.Be2 Bxf3
10.Bxf3 Bg7 11.O-O O-O 12.Rb1 Nbd7 13.Bd2 Re8 14.Re1 Rb8 15.Bf4 Qc7 16.Qc2 b5
17.axb5 axb5 18.Be2 c4 19.Bf1 Ng4 20.Bg3 Nc5 21.f4 Bd4+ 22.Kh1 Ne3 23.Qd2 Bxc3
24.Qxc3 Nxf1 25.Rxf1 Nxe4 26.Qe3 Nxg3+ 27.Qxg3 Qc5 28.f5 Qxd5 29.f6 Re6 30.Rf3 Qe5
31.Qh4 Qe4 32.Qxe4 Rxe4 33.Rd1 Rbe8 34.Rff1 R8e6 35.h3 h5 36.Kh2 Re2 37.Ra1 g5
38.Ra8+ Re8 39.Ra6 Kh7 40.Rxd6 Kg6 41.Rd5 R8e5 42.Rd8 Rf5 43.Rg8+ Kxf6 44.Rd1 Rff2
45.Rd6+ Ke7 46.Ra6 Rxg2+ 47.Kh1 Rh2+ 48.Kg1 Reg2+ 49.Kf1 Rxb2 50.Ra7+ Kd6
51.Ra6+ Kc7 52.Kg1 Rbg2+ 53.Kf1 Ra2 54.Rxa2 Rxa2 55.Rxg5 Kc6 56.Rxh5 c3 57.Rh8 c2  0-1

[Event "2nd Nabokov Mem"]
[Site "Kiev UKR"]
[Date "2004.04.13"]
[Round "2"]
[White "Galinsky,T"]
[Black "Chokhonelidze,G"]
[Result "1-0"]
[WhiteElo "2416"]
[BlackElo "2339"]

1.d4 Nf6 2.Nf3 c5 3.d5 e6 4.c4 exd5 5.cxd5 d6 6.Nc3 g6 7.e4 Bg7 8.Bd3 O-O
9.h3 a6 10.a4 Nbd7 11.O-O Re8 12.Bf4 c4 13.Bc2 Nc5 14.Re1 Rb8 15.e5 Nfd7
16.exd6 b5 17.axb5 axb5 18.Rxe8+ Qxe8 19.Nd4 b4 20.Ncb5 b3 21.Bb1 Rxb5 22.Nxb5 Bxb2
23.Ra7 c3 24.Nd4 c2 25.Nxc2 bxc2 26.Bxc2 Bb7 27.Ba4 Qe4 28.Qf3 Qb1+ 29.Kh2 Bd4
30.Bc6 Ne5 31.Qe2 Qf5 32.Bh6 Qc8 33.Bxb7 Nxb7 34.Qe4 Bc3 35.Qa4 Nd7 36.Qc6 Be5+
37.f4 Qxc6 38.Ra8+  1-0

[Event "2nd Nabokov Mem"]
[Site "Kiev UKR"]
[Date "2004.04.17"]
[Round "7"]
[White "Galinsky,T"]
[Black "Matorin,E"]
[Result "1/2-1/2"]
[WhiteElo "2416"]
[BlackElo "2307"]

1.d4 Nf6 2.Nf3 e6 3.c4 c5 4.d5 exd5 5.cxd5 d6 6.Nc3 Be7 7.e4 O-O 8.h3 Re8
9.Bd3 Bf8 10.O-O a6 11.a4 Nbd7 12.Bf4 Qc7 13.b3 b6 14.Re1 g6 15.Rc1 Qb8 16.Qd2 Bg7
17.Re2 Nh5  1/2-1/2

[Event "6th Open"]
[Site "Dubai UAE"]
[Date "2004.04.22"]
[Round "4"]
[White "Tondivar,B"]
[Black "Hakki,I"]
[Result "1-0"]
[WhiteElo "2304"]
[BlackElo "2451"]

1.d4 e6 2.c4 Nf6 3.Nc3 c5 4.d5 exd5 5.cxd5 d6 6.Nf3 g6 7.g3 Bg7 8.Bg2 O-O
9.O-O a6 10.a4 Nbd7 11.Nd2 Re8 12.a5 Ne5 13.h3 Nh5 14.Nde4 h6 15.Na4 Bf5
16.Nb6 Bxe4 17.Bxe4 Nd7 18.Nxa8 Rxe4 19.Nb6 Nxb6 20.axb6 Qxb6 21.Ra4 c4 22.e3 Nf6
23.Qc2 Qb5 24.Rd1 Qd7 25.Kg2 b5 26.Rxa6 Re5 27.e4 Rxe4 28.Be3 Kh7 29.Bd4 Re7
30.Ra7 Qxa7 31.Bxa7 Rxa7 32.b3 Rc7 33.bxc4 bxc4 34.Qa4 c3 35.Qa6 Ne4 36.Rc1 f5
37.f3 Nf6 38.Qxd6 Rd7 39.Qe6 Rxd5 40.Rxc3 Rd2+ 41.Kf1 Nh5 42.Re3 Nxg3+ 43.Ke1 Rb2
44.Qf7 Rb1+ 45.Kf2 f4 46.Re6 Rb2+ 47.Ke1 Rb1+ 48.Kd2 Nf1+ 49.Kd3 Rb3+ 50.Kc4 Nd2+
51.Kc5 Rc3+ 52.Kb4  1-0

[Event "Corsica Hotels Masters"]
[Site "Bastia FRA"]
[Date "2004.04.26"]
[Round "1"]
[White "Galli,J"]
[Black "Hamdouchi,H"]
[Result "0-1"]
[WhiteElo "2111"]
[BlackElo "2544"]

1.d4 Nf6 2.c4 c5 3.d5 e6 4.Nc3 exd5 5.cxd5 d6 6.Nf3 g6 7.e4 a6 8.a4 Bg4 9.h3 Bxf3
10.Qxf3 Bg7 11.Bf4 O-O 12.Bd3 Qe7 13.O-O Nh5 14.Bh2 Be5 15.Qe3 Nd7 16.Bxe5 Nxe5
17.Be2 Ng7 18.f4 Nd7 19.Bc4 Nf5 20.Qd3 Nd4 21.Rae1 Rae8 22.Re3 f6 23.Nd1 Kh8
24.b4 g5 25.bxc5 gxf4 26.Rxf4 dxc5 27.Qc3 b5 28.axb5 axb5 29.Be2 Ne5 30.Bh5 b4
31.Qc1 Ra8 32.Nb2 c4 33.Rf2 c3 34.Nd3 Nxd3 35.Rxd3 Qxe4 36.Qe3 Ra1+ 37.Kh2 Qxe3
38.Rxe3 c2 39.d6 c1=Q  0-1

[Event "ch-UKR Women"]
[Site "ALushta UKR"]
[Date "2004.05.11"]
[Round "8"]
[White "Ushenina,A"]
[Black "Matseyko,K"]
[Result "1-0"]
[WhiteElo "2336"]
[BlackElo "2253"]

1.d4 Nf6 2.c4 c5 3.d5 e6 4.Nc3 exd5 5.cxd5 d6 6.Nf3 g6 7.Nd2 a6 8.a4 Nbd7
9.e4 Bg7 10.Be2 O-O 11.O-O Re8 12.f4 Qc7 13.Kh1 Rb8 14.Qc2 c4 15.e5 dxe5
16.Nxc4 Ra8 17.d6 Qd8 18.a5 exf4 19.Bxf4 b5 20.axb6 Nxb6 21.d7 Bxd7 22.Nd6 Re6
23.Bf3 Ra7 24.Rfd1 Nc8 25.Nxc8 Qxc8 26.Qf2 Rb7 27.Bxb7 Qxb7 28.Rd2 h5 29.h3 Ne4
30.Nxe4 Rxe4 31.Ra3 Be6 32.Rad3 Kh7 33.Bd6 Bh6 34.Rc2 Qb5 35.Rd1 Qb3 36.Rf1 Be3
37.Qe2 Qd5 38.Qxa6 Bxh3 39.Qc6 Bxg2+ 40.Kxg2 Rg4+ 41.Kh3 Qe6 42.Qc8 Qd5 43.Rxf7+ Qxf7
44.Rc7 Kg7 45.Qf8+  1-0

[Event "1st Open"]
[Site "Kranj SLO"]
[Date "2004.05.13"]
[Round "8"]
[White "Medved,A"]
[Black "Susnik,M"]
[Result "1/2-1/2"]
[WhiteElo "2047"]
[BlackElo "2152"]

1.d4 Nf6 2.Nf3 e6 3.c4 c5 4.d5 exd5 5.cxd5 d6 6.Nc3 g6 7.g3 Bg7 8.Bg2 O-O
9.O-O Re8 10.Nd2 a6 11.a4 Nbd7 12.Nc4 Nb6 13.Na3 Bd7 14.Re1 Qc7 15.e4 Ng4
16.h3 Nh6 17.Qc2 f5 18.f3 fxe4 19.fxe4 Nf5 20.Bf4 Nd4 21.Qd1 h6 22.a5 Nc8
23.Nc4 g5 24.Be3 b5 25.axb6 Nxb6 26.Nd2 Nc8  1/2-1/2

[Event "TCh-SCG"]
[Site "Petrovac SCG"]
[Date "2004.05.20"]
[Round "5"]
[White "Jeremic,V"]
[Black "Knezevic,B"]
[Result "1-0"]
[WhiteElo "2490"]
[BlackElo "2399"]

1.d4 Nf6 2.c4 e6 3.Nf3 c5 4.d5 exd5 5.cxd5 d6 6.Nc3 g6 7.Bf4 a6 8.a4 Nh5
9.Bg5 f6 10.Bh4 Be7 11.Nd2 Nd7 12.e3 Ng7 13.Bg3 Nh5 14.Bh4 Ng7 15.Bg3 Nh5
16.Nc4 Nxg3 17.hxg3 Ne5 18.Nxe5 fxe5 19.Bd3 Kf7 20.Qc2 Kg7 21.Ne4 Bd7 22.a5 h5
23.Qc3 Qg8 24.Qb3 Rb8 25.Ke2 Bf5 26.Nd2 Qf7 27.Ra4 Bd7 28.Ra3 Bf5 29.f3 Bd8
30.Nc4 Be7 31.Qc2 Rbd8 32.Rb3 Rd7 33.e4 Bg4 34.fxg4 Rf8 35.Ke1 h4 36.Rf1 Qg8
37.Be2 hxg3 38.Rbf3 Rxf3 39.Rxf3  1-0

[Event "Open"]
[Site "Nis SCG"]
[Date "2004.05.29"]
[Round "2"]
[White "Livaja,B"]
[Black "Radoja,D"]
[Result "0-1"]
[WhiteElo "2120"]
[BlackElo "2226"]

1.d4 Nf6 2.c4 c5 3.d5 e6 4.Nc3 exd5 5.cxd5 d6 6.Nf3 g6 7.g3 Bg7 8.Bg2 O-O
9.O-O a6 10.a4 Re8 11.Bf4 Nh5 12.Bg5 Qc7 13.Re1 Nd7 14.e4 Rb8 15.Bf1 Ne5
16.Nxe5 Bxe5 17.Rc1 Qb6 18.Bd2 Bg7 19.b3 Nf6 20.Bf4 Ng4 21.h3 Ne5 22.Kg2 Qd8
23.Bd2 f5 24.f4 Nf7 25.exf5 Bxf5 26.g4 Bd7 27.Rxe8+ Qxe8 28.a5 Bb5 29.Qf3 Bxf1+
30.Rxf1 b5 31.axb6 Rxb6 32.Na4 Rb7 33.Rb1 c4 34.Bc3 Bxc3 35.Nxc3 Rxb3 36.Rxb3 cxb3
37.Ne4 Qe7 38.g5 b2 39.Qd3 Qb7 40.Nf6+ Kf8 41.Qb1 Qb4 42.Nxh7+ Kg7 43.Nf6 Qd2+
44.Kg3 Qc1  0-1

[Event "XII Guillermo Garcia Prem I"]
[Site "Santa Clara CUB"]
[Date "2004.05.30"]
[Round "10"]
[White "Almeida,O"]
[Black "Lafuente,P"]
[Result "1-0"]
[WhiteElo "2426"]
[BlackElo "2433"]

1.d4 Nf6 2.c4 e6 3.Nf3 c5 4.d5 exd5 5.cxd5 d6 6.Nc3 g6 7.e4 Bg7 8.h3 O-O
9.Bd3 a6 10.a4 Nh5 11.O-O Nd7 12.Bg5 Qc7 13.Rc1 Re8 14.Nd2 h6 15.Be3 Qd8
16.Be2 Nhf6 17.Bf4 Nf8 18.Bh2 Re7 19.a5 N8h7 20.Kh1 Ne8 21.Nc4 Bd4 22.b4 Nhf6
23.bxc5 Bxc5 24.Na4 Ba7 25.Nab6 Bxb6 26.Nxb6 Rb8 27.f3 Nd7 28.Bg1 f6 29.Qc2 Nxb6
30.Bxb6 Qd7 31.Bd3 Rg7 32.f4 Qe7 33.Rfe1 Bd7 34.Qb2 Rc8 35.Rxc8 Bxc8 36.e5 fxe5
37.fxe5 Bf5 38.Bc4 Qh4 39.Qc3 dxe5 40.Rxe5 Nd6 41.Bb3 Kh7 42.Qe1 Qf4 43.Qe3 Qh4
44.Kh2 Bd7 45.Qg3 Qb4 46.Bc2 Bf5 47.Bxf5 Nxf5 48.Qe1 Qd6 49.Kg1 Rf7 50.Bf2 Qd7
51.g4 Nd6 52.Re6 Qc7 53.Qb1 Rg7 54.Bd4 Nb5 55.Bf2 Qc4 56.Re5 Rf7 57.Qd1 Nc3
58.Qc2 Qf4 59.Re6 Kg8 60.Qxg6+  1-0

[Event "Chicago Open"]
[Site "Chicago USA"]
[Date "2004.05.31"]
[Round "6"]
[White "Muhammad,S"]
[Black "Langer,Mik"]
[Result "1-0"]
[WhiteElo "2378"]
[BlackElo "2281"]

1.d4 Nf6 2.c4 c5 3.d5 e6 4.Nc3 exd5 5.cxd5 d6 6.Nf3 g6 7.h3 Bg7 8.e4 O-O
9.Bd3 Nh5 10.O-O Nd7 11.Bg5 Bf6 12.Be3 Re8 13.Be2 Bxc3 14.bxc3 Rxe4 15.Nd2 Rxe3
16.fxe3 Ng3 17.Re1 Qg5 18.Bg4 Qxd5 19.e4 Qg5 20.Qf3 Ne5 21.Qxg3 Qxd2 22.Bxc8 Rxc8
23.Rad1 Qxa2 24.Rxd6 Re8 25.Rd5 f6 26.Rf1 Qc4 27.Qf4 Re6 28.Rd8+ Kg7 29.Rb8 Qb3
30.Qd2 Qb6 31.Qd5 c4+ 32.Kh1 Rc6 33.Rg8+ Kh6 34.Qd2+ Kh5 35.g4+ Kh4 36.Kg2 h5
37.gxh5 g5 38.Rxf6  1-0

[Event "FSIM June"]
[Site "Budapest HUN"]
[Date "2004.06.07"]
[Round "3"]
[White "Boguszlavszkij,J"]
[Black "Eperjesi,L"]
[Result "1/2-1/2"]
[WhiteElo "2276"]
[BlackElo "2322"]

1.d4 Nf6 2.c4 e6 3.Nf3 c5 4.d5 exd5 5.cxd5 d6 6.Nc3 g6 7.e4 Bg7 8.Be2 O-O
9.O-O Re8 10.Qc2 Na6 11.Bf4 Nb4 12.Qb1 Nh5 13.Bg5 f6 14.Bd2 f5 15.a3 Na6  1/2-1/2

[Event "Dake Mem"]
[Site "McMinnville USA"]
[Date "2004.06.10"]
[Round "6"]
[White "Harmon,C"]
[Black "Anka,E"]
[Result "0-1"]
[WhiteElo "2184"]
[BlackElo "2422"]

1.d4 Nf6 2.c4 e6 3.Nf3 c5 4.d5 exd5 5.cxd5 d6 6.Nc3 g6 7.e4 Bg7 8.h3 O-O
9.Bd3 Nh5 10.O-O Nd7 11.Bg5 Bf6 12.Be3 Re8 13.Re1 a6 14.a4 Rb8 15.Nd2 Bd4
16.Bf1 Qf6 17.Rc1 Ne5 18.g3 Bxe3 19.Rxe3 Qg5 20.Nf3 Nxf3+ 21.Qxf3 Bd7 22.Rce1 Qe5
23.Qe2 Qd4 24.b3 b5 25.axb5 Bxb5 26.Nxb5 axb5 27.Qd3 Qxd3 28.Bxd3 Nf6 29.Ra1 c4
30.bxc4 bxc4 31.Bxc4 Rxe4 32.Rxe4 Nxe4 33.Ra6 Rb2 34.Ra2 Rb1+ 35.Kg2 Rc1
36.Bd3 Nc5 37.Be2 Kg7 38.h4 h6 39.Rb2 Kf6 40.Rd2 g5 41.hxg5+ hxg5 42.Bh5 Ra1
43.Rb2 Ra7 44.Re2 Nd3 45.Rd2 Ne5 46.Bd1 g4 47.Rd4 Kg5 48.Rf4 Ra2 49.Rd4 f5
50.Kf1 Kf6 51.Ke1 Nd7 52.Rd3 Nc5 53.Re3 Ra1 54.Ke2 Ne4 55.f4 gxf3+ 56.Rxf3 Ke5
57.Rd3 Rxd1  0-1

[Event "8th Open"]
[Site "Voronezh RUS"]
[Date "2004.06.16"]
[Round "5"]
[White "Bedia,M"]
[Black "Zakhartsov,V"]
[Result "0-1"]
[WhiteElo "2305"]
[BlackElo "2520"]

1.d4 Nf6 2.c4 c5 3.d5 e6 4.Nc3 exd5 5.cxd5 d6 6.Nf3 g6 7.Nd2 Nbd7 8.e4 Bg7
9.Be2 O-O 10.O-O Re8 11.Qc2 Ne5 12.a4 g5 13.Re1 Nfg4 14.Nf1 Ng6 15.Ne3 Nxe3
16.Bxe3 Rf8 17.Qd2 h6 18.Rab1 f5 19.exf5 Bxf5 20.Bd3 Bxd3 21.Qxd3 Ne5 22.Qe2 Qd7
23.f3 Rae8 24.Qc2 g4 25.f4 Nc4 26.Bd2 Bd4+ 27.Kh1 Qf5 28.Qxf5 Rxe1+ 29.Bxe1 Rxf5
30.g3 Bxc3 31.Bxc3 Rxd5 32.Kg2 Rd3 33.Re1 Nxb2 34.Bf6 Kf7  0-1

[Event "Masters"]
[Site "Grenoble FRA"]
[Date "2004.06.19"]
[Round "1"]
[White "Adda,O"]
[Black "Olivier,JC"]
[Result "0-1"]
[WhiteElo "2181"]
[BlackElo "2360"]

1.d4 Nf6 2.c4 e6 3.Nf3 c5 4.d5 exd5 5.cxd5 d6 6.Nc3 g6 7.e4 Bg7 8.h3 O-O
9.Bd3 b5 10.Nxb5 Re8 11.Nd2 Nxd5 12.Nc4 Bf8 13.O-O Nc7 14.Bg5 Qd7 15.Nc3 Qc6
16.Ne3 Be6 17.Ned5 Bxd5 18.exd5 Qb7 19.Ne4 Nd7 20.Re1 Rab8 21.Bc4 f5 22.Nf6+ Nxf6
23.Bxf6 Bg7 24.Bxg7 Kxg7 25.b3 Qb4 26.a3 Rxe1+ 27.Qxe1 Qxe1+ 28.Rxe1 Re8
29.Rc1 a5 30.f3 f4 31.Kf2 Kf6 32.g3 fxg3+ 33.Kxg3 Re5 34.Rd1 Na8 35.h4 Nb6
36.a4 Re3 37.Kf4 Nxc4 38.bxc4 Rc3 39.Re1 Rxc4+ 40.Kg3 Rxa4 41.Re6+ Kf5 42.Rxd6 Rd4
43.Rd8 a4 44.Rd7 h5 45.Rd8 Ke5 46.f4+ Kf5 47.Ra8 Rd3+ 48.Kf2 a3 49.Ke2 c4
50.d6 Rxd6 51.Rxa3 Kxf4 52.Ra4 Rc6 53.Ra1 Kg3 54.Rh1 Kg2 55.Ra1 Re6+ 56.Kd2 Re4
57.Ra6 Rg4 58.Ke3 Kg3 59.Rc6 Kxh4 60.Kf2 g5 61.Rc5 Rf4+ 62.Kg2 Kg4 63.Kh2 h4
64.Kg2 h3+ 65.Kh2 Rd4 66.Kg1 Kh4 67.Kf2 g4 68.Rc8 Rd2+ 69.Ke3 Rc2 70.Kf4 Rf2+
71.Ke3 Rf3+ 72.Ke2 h2  0-1

[Event "8th Open"]
[Site "Voronezh RUS"]
[Date "2004.06.19"]
[Round "8"]
[White "Zakharevich,I"]
[Black "Gabrielian,A"]
[Result "0-1"]
[WhiteElo "2515"]
[BlackElo "2447"]

1.d4 Nf6 2.c4 c5 3.d5 e6 4.Nc3 exd5 5.cxd5 d6 6.Nf3 g6 7.h3 Bg7 8.e4 O-O
9.Bd3 b5 10.Nxb5 Re8 11.O-O Nxe4 12.Re1 a6 13.Qa4 Bd7 14.Qa3 Nf6 15.Bg5 Rxe1+
16.Rxe1 c4 17.Bxc4 axb5 18.Qxa8 bxc4 19.Nd2 h6 20.Bxf6 Bxf6 21.Nxc4 Qc7 22.b3 Bd4
23.Qa3 Bc5 24.Qc1 Qa7 25.Re2 Qb7 26.Qd2 Na6 27.Re7 Kf8 28.Re1 Kg7 29.Qb2+ Kg8
30.Qf6 Qa8 31.a3 Nc7 32.Nxd6 Qxd5 33.Nc4  0-1

[Event "Skanska Cup"]
[Site "Olomouc CZE"]
[Date "2004.07.05"]
[Round "2"]
[White "Jirka,J"]
[Black "Simacek,P"]
[Result "1/2-1/2"]
[WhiteElo "2406"]
[BlackElo "2439"]

1.d4 Nf6 2.c4 c5 3.d5 e6 4.Nc3 exd5 5.cxd5 d6 6.Nf3 g6 7.g3 Bg7 8.Bg2 O-O
9.O-O Re8 10.h3 Ne4 11.Nxe4 Rxe4 12.Bg5 Qc7 13.Nd2 Re8 14.Ne4 Rxe4 15.Bxe4 Bxh3
16.Bg2 Bxg2 17.Kxg2 Bxb2 18.Rb1 Bg7 19.Qb3 b6 20.Rh1 Nd7 21.g4 Re8 22.Qh3 Nf8
23.Qf3 Qd7 24.e4 b5 25.Rhe1 b4 26.Bf4 Be5 27.g5 Qd8 28.Bd2 a5 29.Qd3 Qc8
30.f4 Qg4+ 31.Qg3 Qxg3+ 32.Kxg3 Bg7 33.a3 Nd7 34.Kf3 Nb6 35.Rec1 Na4 36.axb4 axb4
37.Rc4 Ra8 38.Bxb4 cxb4 39.Rcxb4 Bc3 40.Rb8+ Rxb8 41.Rxb8+ Kg7 42.Rc8 Bd2
43.Rc6 h6 44.gxh6+ Kxh6 45.Rxd6 Kg7 46.e5 g5 47.fxg5 Bxg5 48.Kg4 Nc5 49.Rc6 Be3
50.Kf5 Kf8 51.Rc8+ Kg7 52.Re8 Bd4 53.Re7 Kf8 54.Rc7 Be3 55.Rc8+ Kg7 56.Re8 Bd4
57.d6 Nd7 58.e6 fxe6+ 59.Kxe6 Nf8+ 60.Kf5 Bc5  1/2-1/2

[Event "ch-NOR"]
[Site "Molde NOR"]
[Date "2004.07.06"]
[Round "4"]
[White "Tallaksen,G"]
[Black "Lie,Es"]
[Result "1/2-1/2"]
[WhiteElo "2360"]
[BlackElo "2266"]

1.d4 Nf6 2.c4 c5 3.d5 e6 4.Nc3 exd5 5.cxd5 d6 6.Nf3 g6 7.h3 a6 8.a4 Qe7 9.Bf4 Nh5
10.Bh2 f5 11.Nd2 f4 12.Nc4 Nd7 13.e3 Ne5 14.Nxe5 Qxe5 15.Be2 Bh6 16.Bxh5 gxh5
17.O-O O-O 18.Bxf4 Bxf4 19.exf4 Rxf4 20.Re1 Qg5 21.Re8+ Kg7 22.Ne2 Rf7 23.Ra3 h4
24.Qc1 Qxc1+ 25.Nxc1 Rf5 26.a5 Rxd5 27.Rd3 Rxd3 28.Nxd3 Kf7 29.Rh8 Ke6 30.f3 Kd5
31.Kf2 Kc6 32.f4 b6 33.axb6 Kxb6 34.Ne1 Bb7 35.Rxh7 Be4 36.Rxh4 Kc6 37.Ke3 d5
38.Rh6+ Kd7 39.g4 Rb8 40.f5 Rxb2 41.Rxa6  1/2-1/2

[Event "Glassy Stream Open"]
[Site "Kharkov UKR"]
[Date "2004.07.09"]
[Round "2"]
[White "Poluektov,Y2"]
[Black "Zubarev,Al1"]
[Result "0-1"]
[WhiteElo "2280"]
[BlackElo "2473"]

1.d4 Nf6 2.c4 e6 3.Nf3 c5 4.d5 exd5 5.cxd5 d6 6.Nc3 g6 7.e4 a6 8.a4 Bg4 9.Be2 Bxf3
10.Bxf3 Nbd7 11.O-O Qe7 12.Qc2 Bg7 13.Be2 O-O 14.Bg5 h6 15.Bh4 g5 16.Bg3 Rfe8
17.Rfe1 Ne5 18.a5 Ng6 19.f3 g4 20.fxg4 Nxe4 21.Nxe4 Qxe4 22.Qxe4 Rxe4 23.Bxd6 Bxb2
24.Ra2 Bd4+ 25.Kf1 Rd8 26.Bg3 Rxd5 27.Rb1 Rd7 28.Bf3 Ree7 29.Re2 Be5 30.Bf2 c4
31.Bc5 Re8 32.Rxb7 Rd1+ 33.Kf2 Nf4 34.Rxe5 Rxe5 35.Rb8+ Kh7 36.Bxd1 Rxc5
37.Bc2+ Kg7 38.Ke3 Nxg2+ 39.Kd4 Rxa5 40.Rc8 Ra3 41.Kxc4 Ne3+ 42.Kb4 Nxc2+
43.Rxc2 Rh3 44.Ka5 Kg6 45.Kxa6 Rh4 46.Kb5 Rxg4 47.Kc5 f5 48.Kd5 Re4 49.Rg2+ Kf6
50.Ra2 h5 51.Rb2 Re8 52.Kd4 Kg5 53.Rf2 f4 54.Rg2+ Kf5 55.Kd3 Re3+ 56.Kd2 Ke4
57.Rf2 f3 58.Kd1 Ra3 59.Kd2 Ra1  0-1

[Event "GP CG de l'Heralt"]
[Site "Montpellier FRA"]
[Date "2004.07.10"]
[Round "6"]
[White "Vaisman,V"]
[Black "Philippe,C"]
[Result "1/2-1/2"]
[WhiteElo "2373"]
[BlackElo "2335"]

1.d4 Nf6 2.Nf3 c5 3.d5 e6 4.c4 d6 5.Nc3 exd5 6.cxd5 g6 7.Bf4 a6 8.a4 Bg7
9.e4 O-O 10.Nd2 Qc7 11.Be2 Nbd7 12.O-O Ne5 13.h3 Nfd7 14.Bg3 g5 15.Qc2 Ng6
16.Bg4 Nde5 17.Bf5 Bd7 18.Bxd7 Qxd7 19.a5 Nf4 20.Ra3 Rab8 21.Na4 Qb5 22.Bxf4 gxf4
23.Nb6 Rfe8 24.Ndc4 Red8 25.Nxe5 Bxe5 26.Nc4 Qe8 27.Qe2 Kh8 28.Rb1 Qb5 29.Qc2 f6
30.Rb3 Qa4 31.Rc1 Rg8 32.Rb6 Qd7 33.Qb3 Rg7 34.Kf1 Rbg8 35.Ke2 Rxg2 36.Rxb7 Qe8
37.Rf1 f5 38.exf5 Bd4+ 39.Kd1 Rg1 40.Qd3 Rxf1+ 41.Qxf1 Qe4 42.Kc1 Qxd5 43.Rd7 Qxf5
44.Rxd6 f3 45.Qe1 Bf6 46.b3 Qf4+  1/2-1/2

[Event "Proclient Cup"]
[Site "Olomouc CZE"]
[Date "2004.07.12"]
[Round "11"]
[White "Mankeyev,Raua"]
[Black "Kanovsky,D"]
[Result "0-1"]
[WhiteElo "2258"]
[BlackElo "2286"]

1.d4 Nf6 2.c4 c5 3.d5 e6 4.Nc3 exd5 5.cxd5 d6 6.Nf3 g6 7.h3 Bg7 8.e4 O-O
9.Bd3 a6 10.a4 Nbd7 11.O-O Qe7 12.Bf4 Nh5 13.Bh2 Bh6 14.Re1 f6 15.Bf1 Ne5
16.a5 Bd7 17.Nd2 Bxh3 18.Be2 Bd7 19.Bxh5 gxh5 20.f4 Ng4 21.Bg3 h4 22.Bxh4 Bxf4
23.Nc4 Qg7 24.Qf3 Bh2+ 25.Kh1 Ne5 26.Nxe5 fxe5 27.Qd3 c4 28.Qe3 Bf4 29.Qf2 Qh6
30.g3 Bd2 31.Qe2 Bxe1 32.Rxe1 Rf7 33.Rf1 Rxf1+ 34.Qxf1 Rf8 35.Qe1 Bg4 36.Kh2 Rf3
37.Kg2 Rd3 38.Kg1 Rd2  0-1

[Event "Aegean Open"]
[Site "Agios Kirykos GRE"]
[Date "2004.07.16"]
[Round "5"]
[White "Lymar,I"]
[Black "Kakkanas,E"]
[Result "1-0"]
[WhiteElo "2350"]
[BlackElo "2146"]

1.d4 Nf6 2.Nf3 e6 3.c4 c5 4.d5 exd5 5.cxd5 d6 6.Nc3 g6 7.e4 Bg7 8.Bd3 O-O
9.O-O Re8 10.Re1 Na6 11.h3 Nc7 12.a4 a6 13.Bf4 Rb8 14.Bf1 Nh5 15.Bh2 b5 16.e5 Bf8
17.Ne4 dxe5 18.d6 Ne6 19.Nxe5 Bb7 20.d7 Re7 21.Nd6 Nd4 22.Ndxf7 Rxf7 23.Nxf7 Kxf7
24.Bxb8  1-0

[Event "ACT Open"]
[Site "Amsterdam NED"]
[Date "2004.07.18"]
[Round "2"]
[White "Strating,S"]
[Black "Visser,HJ"]
[Result "1-0"]
[WhiteElo "2307"]
[BlackElo "2243"]

1.d4 Nf6 2.c4 c5 3.d5 e6 4.Nc3 exd5 5.cxd5 d6 6.Nf3 g6 7.Bf4 Bg7 8.Qa4+ Bd7
9.Qb3 Qc7 10.e3 Nh5 11.Bg5 h6 12.Bh4 g5 13.Bg3 Nxg3 14.hxg3 a6 15.Qc2 b5
16.a4 b4 17.Ne4 b3 18.Qxb3 Bf5 19.Qc2 Ke7 20.Bd3 Nd7 21.O-O Rhb8 22.Nd4 Bxd4
23.exd4 Bxe4 24.Bxe4 Qb6 25.dxc5 Nxc5 26.Rab1 Qb4 27.Bf3 Kf6 28.Bh5 Qe4 29.Qc3+ Qe5
30.Qf3+ Qf5 31.Qxf5+ Kxf5 32.Bxf7 Rb4 33.Rfe1 Rab8 34.Re3 Rb3 35.Re2 a5 36.Be8 R8b4
37.Bc6 Re4 38.Rxe4 Kxe4 39.Re1+ Kf5 40.Re2 Rb4 41.f3 h5 42.Be8 Rd4 43.Bxh5 Rxd5
44.Bf7 Rd1+ 45.Kh2 d5 46.Rc2 Nd3 47.g4+ Kf4 48.g3+ Ke5 49.Re2+ Kf6 50.Bg8 Nb4
51.Rf2 Nc6 52.f4 Nb4 53.Re2 Rd4 54.fxg5+ Kxg5 55.Kh3 Re4 56.Rd2 d4 57.Bh7 Re7
58.Bf5 d3 59.Kg2 Rc7 60.Kf3 Re7 61.Bxd3 Rd7 62.Ke2 Re7+ 63.Kd1 Kxg4 64.Bb5 Ra7
65.Rf2 Kxg3 66.Rf8 Kg4 67.Ke2 Kg3 68.b3 Kg4 69.Ke3 Kg5 70.Kd4 Kg6 71.Kc5 Kg7
72.Rf1 Ra8 73.Bc4 Rb8 74.Rf7+ Kg6 75.Ra7 Rc8+ 76.Kb6 Rb8+ 77.Kc7  1-0

[Event "ACT Open"]
[Site "Amsterdam NED"]
[Date "2004.07.22"]
[Round "6"]
[White "Koster,R"]
[Black "Dambacher,M"]
[Result "1-0"]
[WhiteElo "2279"]
[BlackElo "2405"]

1.d4 Nf6 2.c4 e6 3.Nf3 c5 4.d5 exd5 5.cxd5 d6 6.Nc3 g6 7.e4 a6 8.a4 Bg4 9.Be2 Bxf3
10.Bxf3 Bg7 11.Bf4 Qe7 12.O-O Nbd7 13.e5 dxe5 14.d6 Qe6 15.Bg5 O-O 16.Bxb7 Ra7
17.Bc6 Kh8 18.Rc1 Rb8 19.Bxd7 Nxd7 20.Ne4 Bf8 21.Nxc5 Nxc5 22.Rxc5 Rd7 23.Qd5 Rxd6
24.Qxe6 Rxe6 25.Rc2 Reb6 26.Rd1 f6 27.a5 Re6 28.Be3 Be7 29.Bb6 Kg8 30.g3 Kf7
31.Rd7 Ke8 32.Ra7 e4 33.Rxa6 Bd8 34.Ra7 Bxb6 35.axb6 Re7 36.Rc6 f5 37.h4 Rbb7
38.Rc8+ Kf7 39.Rxb7  1-0

[Event "Open Dutch Champ"]
[Site "Dieren NED"]
[Date "2004.07.27"]
[Round "1"]
[White "Verholt,G"]
[Black "Van der Poel,H"]
[Result "1/2-1/2"]
[WhiteElo "2116"]
[BlackElo "2303"]

1.d4 Nf6 2.c4 c5 3.d5 e6 4.Nc3 exd5 5.cxd5 d6 6.Nf3 g6 7.e4 Bg7 8.Be2 a6
9.a4 Bg4 10.Nd2 Bxe2 11.Qxe2 O-O 12.O-O Nbd7 13.Nc4 Nb6 14.Nxb6 Qxb6 15.a5 Qc7
16.Qc2 Rfe8 17.Bd2 Nd7 18.Nd1 Re7 19.Ra4 Rf8 20.Ne3 Nf6 21.Bc3 Rfe8 22.f3 Nd7
23.Bxg7 Kxg7 24.Qc3+  1/2-1/2

[Event "Open Dutch Champ"]
[Site "Dieren NED"]
[Date "2004.07.28"]
[Round "2"]
[White "De Saegher,C"]
[Black "Lemmers,O"]
[Result "0-1"]
[WhiteElo "2207"]
[BlackElo "2396"]

1.d4 Nf6 2.Nf3 e6 3.c4 c5 4.d5 exd5 5.cxd5 d6 6.Nc3 g6 7.e4 a6 8.h3 b5 9.Bd3 Bg7
10.O-O O-O 11.Re1 Re8 12.a3 Ra7 13.Bg5 h6 14.Be3 Rc7 15.Rc1 b4 16.axb4 cxb4
17.Na4 Nbd7 18.Nd4 Rxc1 19.Qxc1 Ne5 20.Bf1 Nxe4 21.Bxh6 Bxh6 22.Qxh6 Nc5
23.Nxc5 dxc5 24.Ne6 Bxe6 25.dxe6 Rxe6 26.Qc1 Qc7 27.f4 Nd7 28.Rxe6 fxe6 29.Bxa6 Qd6
30.Bc4 Nb6 31.Qc2 Qd4+ 32.Kh1 Qxc4 33.Qxg6+ Kf8 34.Qf6+ Ke8 35.Qe5 Kd7 36.Qg7+ Kc6
37.Qe5 Qd5 38.Qe2 Qf5 39.Kg1 c4 40.g4 Qxf4 41.Qxe6+  0-1

[Event "Mark Pinto IM"]
[Site "San Francisco USA"]
[Date "2004.07.28"]
[Round "8"]
[White "Thornally,F"]
[Black "Sevillano,E"]
[Result "0-1"]
[WhiteElo "2299"]
[BlackElo "2464"]

1.d4 Nf6 2.c4 c5 3.d5 e6 4.Nc3 exd5 5.cxd5 d6 6.Nf3 g6 7.Bf4 a6 8.e4 Bg7
9.Qa4+ Nfd7 10.Qc2 Qe7 11.a4 O-O 12.Be2 Re8 13.O-O Nf6 14.Nd2 Nbd7 15.Rfe1 Ne5
16.h3 Nfd7 17.Bg3 g5 18.Bg4 Nxg4 19.hxg4 Ne5 20.f3 Bd7 21.a5 Rac8 22.Bf2 c4
23.Be3 Qf6 24.Re2 Nd3 25.Ra3 Nf4 26.Re1 h5 27.gxh5 Nxh5 28.Nf1 g4 29.Qf2 Nf4
30.Qg3 Nd3 31.Re2 Qg6 32.Nd1 f5 33.exf5 Bxf5 34.f4 Bf6 35.Rd2 Rc7  0-1